000 00214nam a22000857a 4500
008 230710b |||||||| |||| 00| 0 eng d
020 _a978142154884
100 _aKishimoto Masashi
_97689
245 _aNaruto-Vol- 10-11-12
999 _c12346
_d12346